Azərbaycan tarixi - Statistics

General Stats
  • This quiz has been taken 22 times
    20 since last reset
  • The average score is 8 of 20
Answer Stats
Sual Cavab % Correct
Çaldıran döyüşündə qalib olan tərəf {Osmanlı} imperiyası
86%
Azərbaycan dilində yayımlanan ilk qəzet Əkinçi
79%
1805-ci ildə Rusiya imperiyası ilə Qacar dövlətinin arasında imzalanan müqavilə {Gülüstan} müqaviləsi
64%
Talış xanlığının paytaxtı Lənkəran
57%
Möminə Xatun türbəsinin yerləşdiyi şəhər Naxçıvan
57%
"Yeddi gözəl" baletinin bəstəkarı Qara Qarayev
57%
Bakı metrosunun açılış ili 1967
50%
"Ölülər" pyesinin müəllifi Cəlil Məmmədquluzadə
50%
Azərbaycan milli mətbuatının banisi Həsən bəy Zərdabi
50%
Xurşidbanu Natəvan ilə şahmat oynayan fransız yazıçısı Aleksandr Düma
43%
Hüseyn Cavidin ilk dram əsəri Ana
36%
Məhəmməd Əmin Rəsulzadənin vəfat etdiyi şəhər Ankara
36%
"Qayınana", "Ulduz" və "Yuxu" filmlərində iştirak etmiş aktrisa Nəsibə Zeynalova
36%
Dünyanın ilk neft platforması Neft Daşları
29%
Şabran şəhərinin keçmiş adı Dəvəçi
21%
İlk azərbaycanlı təyyarəçi Fərrux ağa Qayıbov
14%
"Təhminə" filminin rejissoru Rasim Ocaqov
14%
Şirvanşahlar dövlətinin sonuncu hökmdarı Şahrux
7%
Əhməd bəy Ağaoğlunun sürgün olunduğu ada Malta
0%
1994-cü ildə Bakı metropolitenində həlak olan bəstəkar Rafiq Babayev
0%
No matching quizzes found
Score Distribution
Percent of People with Each Score
Percentile by Number Answered
Your Score History
You have not taken this quiz since the last reset